Bezpečnosť a kontrola potravín (zborník prác z IX. medzinárodnej vedeckej konferencie) : Nitra, 28.-29. marec 2012
| Corporate Author: | |
|---|---|
| Other Authors: | |
| Format: | Conference Proceeding Book |
| Language: | Slovak Czech English |
| PhysicalDescription: | 268 s., [13] s. text. príl. grafy, sch., tab. 21 cm |
| Published: |
Nitra
Slovenská poľnohospodárska univerzita
2012
|
| ISBN: | 9788055207698 (brož.) |
| Edition: | 1. vyd. |
| Subjects: |
MARC
| LEADER | 00000cam a2200000 a 4500 | ||
|---|---|---|---|
| 001 | vtls010427809 | ||
| 003 | SK-MaSNL | ||
| 005 | 20260301053115.0 | ||
| 008 | 250414s2012 xo dl f a 100 0 slo | ||
| 015 | |a SNBA2012/07-03662 | ||
| 020 | |a 9788055207698 (brož.) | ||
| 035 | |a 3b8c4a7b-c7e4-458e-8aec-c356ea21c8c5 | ||
| 035 | |a urn:nbn:sk:snk-amjt7d | ||
| 035 | |a urn:nbn:sk:snk:ar-a0b0ac | ||
| 040 | |a SNK |b slo |c SNK |e AACR2 | ||
| 041 | 0 | |a slo |a cze |a eng |b eng | |
| 044 | |a xo |c SK | ||
| 072 | 7 | |a 614 |x Verejné zdravie a hygiena |2 konspekt | |
| 072 | 7 | |a 663 |x Priemysel nápojov. Kvasný priemysel. Priemysel pochutín |2 konspekt | |
| 080 | |a 614.31:663/664 |2 2001 | ||
| 080 | |a 614.31 |2 2001 | ||
| 080 | |a 663/664-021.465 |2 2001 | ||
| 080 | |a (062.534) |2 2001 | ||
| 111 | 2 | |a Bezpečnosť a kontrola potravín |n (9. : |d 2012 : |c Nitra, Slovensko) |9 153732 | |
| 245 | 0 | 0 | |a Bezpečnosť a kontrola potravín |b (zborník prác z IX. medzinárodnej vedeckej konferencie) : Nitra, 28.-29. marec 2012 |c [zostavili: Jozef Golian ... [et al.]] |
| 250 | |a 1. vyd. | ||
| 260 | |a Nitra |b Slovenská poľnohospodárska univerzita |c 2012 | ||
| 300 | |a 268 s., [13] s. text. príl. |b grafy, sch., tab. |c 21 cm | ||
| 366 | |e 150 výt. | ||
| 504 | |a Bibliogr. odkazy | ||
| 546 | |a Text aj čes. a angl. Res. angl. | ||
| 650 | 0 | 7 | |a bezpečnosť potravín |2 SNKPH |9 121769 |
| 650 | 0 | 7 | |a kontrola potravín |2 SNKPH |9 19238 |
| 650 | 0 | 7 | |a kvalita potravín |2 SNKPH |9 30955 |
| 650 | 0 | 7 | |a Food safety |2 SNKPHeng |9 319766 |
| 650 | 0 | 7 | |a Food quality control |2 SNKPHeng |9 324768 |
| 650 | 0 | 7 | |a Food quality |2 SNKPHeng |9 315697 |
| 655 | 7 | |a zborníky konferencií |2 SNKPH |9 70153 | |
| 655 | 7 | |a Proceedings of conferences |2 SNKPHeng |9 265791 | |
| 655 | 7 | |a issue_zb |2 SNK |9 276493 | |
| 700 | 1 | |a Golian, Jozef, |d 1966- |4 com |9 256685 | |
| 852 | |a Slovenská národná knižnica | ||
| 919 | |a 978-80-552-0769-8 | ||
| 954 | |a odborná, vedecká literatúra pôvodná (slovenská) |2 lita | ||
| 954 | |a odborná, vedecká literatúra cudzojazyčná (svetová) |2 lita | ||
| 958 | |a ART | ||
| 958 | |a NB | ||
| 958 | |a OND | ||
| 968 | |d 61 | ||
| 999 | |c 607488 |d 609418 | ||
| 952 | |a SNK |b SNK |y PREZ |7 0 |p 17A1018148 |o snkSC 149782 |i snk2012/10913 |8 0 |0 0 |1 0 |4 0 |d 2012-06-05 |f 1 |l 0 |r 2025-07-18 00:00:00 |w 2026-02-23 | ||
| 952 | |a SNK |b SNK |y VYP |7 0 |p 17A1018149 |o snkSC 149782 D1 |i snk2012/10914 |8 0 |0 0 |1 0 |4 0 |d 2012-06-05 |f 1 |l 0 |r 2026-02-23 16:13:21 |w 2026-02-23 | ||


